[Event "Santiago Endesa 10"]
[Site "Santiago de Chile"]
[Date "2008.07.07"]
[Round "3"]
[White "Domeyko Balmaceda, Carlos"]
[Black "Centonzio Rossel, Francesco"]
[Result "0-1"]
[WhiteElo "1806"]
[BlackElo "2019"]
[PlyCount "68"]
[EventDate "2008.06.30"]
[EventType "tourn"]
[EventRounds "9"]
[EventCountry "CHI"]
[SourceTitle "EXT 2012"]
[Source "ChessBase"]
[SourceDate "2011.11.24"]
[SourceVersion "1"]
[SourceVersionDate "2011.11.24"]
[SourceQuality "1"]

1. d4 e6 2. Nf3 Bb4+ 3. Bd2 a5 4. c3 Be7 5. c4 d5 6. Nc3 Nf6 7. e3 b6 8. Bd3 dxc4 9. Bxc4 Bb7 10. 0-0 0-0 11. Re1 Ne4 12. Nxe4 Bxe4 13. Bc3 Nd7 14. Nd2 Nf6 15. f3 Bg6 16. e4 c5 17. d5 exd5 18. exd5 b5 19. Bxb5 Nxd5 20. Qe2 Nxc3 21. bxc3 Bf6 22. Rac1 Bg5 23. Red1 Qb6 24. c4 a4 25. Kh1 Rfd8 26. Qf2 Rd4 27. Rc3 Rad8 28. Re3 Bxe3 29. Qxe3 Qd6 30. Re1 Rxd2 31. Qe8+ Rxe8 32. Rxe8+ Qf8 33. Rxf8+ Kxf8 34. Bxa4 Rxa2 0-1

[Event "Santiago Endesa 10"]
[Site "Santiago de Chile"]
[Date "2008.06.30"]
[Round "1"]
[White "Domeyko Balmaceda, Carlos"]
[Black "Caceres Vasquez, Sergio"]
[Result "1/2-1/2"]
[WhiteElo "1806"]
[BlackElo "2159"]
[PlyCount "59"]
[EventDate "2008.06.30"]
[EventType "tourn"]
[EventRounds "9"]
[EventCountry "CHI"]
[SourceTitle "EXT 2012"]
[Source "ChessBase"]
[SourceDate "2011.11.24"]
[SourceVersion "1"]
[SourceVersionDate "2011.11.24"]
[SourceQuality "1"]

1. d4 Nf6 2. Nf3 e6 3. c4 b6 4. g3 Ba6 5. b3 Bb4+ 6. Bd2 Be7 7. Bg2 c6 8. 0-0 d5 9. Bc3 0-0 10. Nbd2 Nbd7 11. Qc2 Rc8 12. Rfe1 c5 13. Rac1 dxc4 14. bxc4 cxd4 15. Nxd4 Qc7 16. e4 Bb7 17. Nb5 Qb8 18. e5 Ne8 19. Ne4 Nc5 20. Nbd6 Nxd6 21. exd6 Bxd6 22. Ng5 g6 23. Bxb7 Qxb7 24. Qd2 Rfd8 25. Qd4 e5 26. Rxe5 f6 27. Re8+ Rxe8 28. Qxf6 Be5 29. Bxe5 Rxe5 30. Qxe5 1/2-1/2